Introducción al derecho penal / (Registro nro. 28717)

Detalles MARC
000 -LEADER
fixed length control field 01501nam a2200289Ia 4500
003 - CONTROL NUMBER IDENTIFIER
control field CO-CtgCURN
005 - DATE AND TIME OF LATEST TRANSACTION
control field 20250407220447.0
008 - FIXED-LENGTH DATA ELEMENTS--GENERAL INFORMATION
fixed length control field 190723s2005 ck 000 0 spa d
020 ## - INTERNATIONAL STANDARD BOOK NUMBER
International Standard Book Number 9583505358
040 ## - CATALOGING SOURCE
Original cataloging agency CO-CtgCURN
Language of cataloging spa
Transcribing agency coctgcurn
082 ## - DEWEY DECIMAL CLASSIFICATION NUMBER
Classification number 345
Item number B982i
100 ## - MAIN ENTRY--PERSONAL NAME
Personal name Bustos Ramírez, Juan
9 (RLIN) 2054
245 #0 - TITLE STATEMENT
Title Introducción al derecho penal /
Statement of responsibility, etc. Juan Bustos Ramírez
250 ## - EDITION STATEMENT
Edition statement 3a.
Remainder of edition statement ed.
260 ## - PUBLICATION, DISTRIBUTION, ETC.
Place of publication, distribution, etc. Bogotá, Colombia :
Name of publisher, distributor, etc. Editorial Temis,
Date of publication, distribution, etc. 2005
300 ## - PHYSICAL DESCRIPTION
Extent 287 páginas ;
Dimensions 20 centímetros
504 ## - BIBLIOGRAPHY, ETC. NOTE
Bibliography, etc. note Incluye referencias bibliográficas
505 ## - FORMATTED CONTENTS NOTE
Formatted contents note Concepto y contenido del derecho penal -- Norma penal y sistema jurídico-penal -- De la pena y sus teorías explicativas -- El desarrollo epistemológico del derecho penal -- Los precursores -- Del racionalismo iusnaturalista al racionalismo positivista -- De la ciencia positiva a la ciencia de los valores -- Del irracionalismo a la búsqueda de la racionalidad perdida : iusnaturalismo, teologismo y finalismo -- Hacia el sueño de von Liszt de una ciencia penal integrada (El resurgimiento de la política criminal)
521 ## - TARGET AUDIENCE NOTE
Target audience note AREA PROFESIONAL
590 ## - LOCAL NOTE (RLIN)
Local note Programa de Derecho_18
650 ## - SUBJECT ADDED ENTRY--TOPICAL TERM
Topical term or geographic name entry element Derecho penal
9 (RLIN) 2055
Geographic subdivision Europa
650 ## - SUBJECT ADDED ENTRY--TOPICAL TERM
Topical term or geographic name entry element Teoría del derecho
9 (RLIN) 2056
942 ## - ADDED ENTRY ELEMENTS (KOHA)
Koha item type Libros
Classification part 345
Item part B982i
Source of classification or shelving scheme Dewey Decimal Classification
Koha issues (borrowed), all copies 1
Suppress in OPAC No
Existencias
Withdrawn status Lost status Damaged status Not for loan Collection Home library Current library Shelving location Date acquired Inventory number Total checkouts Full call number Barcode Date last seen Date last checked out Copy number Price effective from Koha item type
          Miguel Henríquez Castañeda Barranquilla Miguel Henríquez Castañeda Barranquilla General 05/23/2018 01335 1 345 B982i 01335 08/30/2019 08/30/2019 ej.1 07/23/2019 Libros
          Miguel Henríquez Castañeda Barranquilla Miguel Henríquez Castañeda Barranquilla General 05/23/2018 01336   345 B982i 01336 07/23/2019   ej.2 07/23/2019 Libros
          Miguel Henríquez Castañeda Barranquilla Miguel Henríquez Castañeda Barranquilla General 05/23/2018 01337   345 B982i 01337 07/23/2019   ej.3 07/23/2019 Libros